000 00834nam a2200217Ii 4500
003 JO-AjNU
008 230605s9999||||xx |||||||||||||| ||und||
020 _a978-9957-98-057-3
040 _aJO-AjNU
_bara
_erda
_cJO-AjNU
041 _aara
050 1 4 _aDP103 2019
100 3 _aتاليف:عرار، محي الدين عبد حسين,
_eauthor
_960838
245 0 0 _aيوسف بن تاشفين والاندلس
250 _aالطبعة الاولي
264 3 1 _aعمان:دار الاعصار العلمي للنشر والتوزيع، 2019
300 _a184ص
_b ويحتوي على ملاحق و قائمة مراجع من ص147ص- 184ص
336 _atext
_btxt
_2rdacontent
337 _aunmediated
_bn
_2rdamedia
338 _avolume
_bnc
_2rdacarrier
650 4 _aالاندلس-تاريخ- المرابطون
_960839
999 _aA27463
_c31031
_d31031